000 01926nam a2200265 a 4500
008 070425s2002 ||||||||||||||||| || u
050 _aQL 618.5 Uts
100 _aMazingaliwa, Kenneth
245 1 0 _aField guide to Zambian fishes: planktons and acquaculture
_cKenzo Utsugi and Kenneth Mazingaliwa
260 _aJapan
_bJICA
_c2002
300 _axi, 156p.: ill.
350 _a0.00
650 _aAQUACULTURE
650 _aAQUATIC ANIMALS--ZAMBIA
700 _aUtsugi, Kenzo
995 _aSPECIAL COLLECTIONS
_D0.00
_e734839
_FCBU-MAIN LIBRARY (Kitwe)
_H1
_I0.00
_jZAM QL 618.5 UTS
_M1
_UAVAILABLE
_WApr 25, 2007
_y52175
_ZZambiana Collection
995 _aMAIN LIBRARY OPEN ACCESS
_D0.00
_e734840
_FCBU-MAIN LIBRARY (Kitwe)
_H1
_I0.00
_jQL 618.5 UTS
_M4
_UAVAILABLE
_WApr 25, 2007
_y52176
_ZMain Library Open Access Collection
995 _aTEXTBOOKS (SNR)
_D0.00
_e4067
_FCBU-SCHOOL TEXTBOOK COLLECTIONS
_H1
_I0.00
_jSCHOOL TEXTBOOK
_M9
_UAVAILABLE
_WJul 27, 2009
_y4067
_ZSchool Collections
995 _aTEXTBOOKS (SNR)
_D0.00
_e4064
_FCBU-SCHOOL TEXTBOOK COLLECTIONS
_H1
_I0.00
_jSCHOOL TEXTBOOK
_M6
_UAVAILABLE
_WJul 27, 2009
_y4064
_ZSchool Collections
995 _aTEXTBOOKS (SNR)
_D0.00
_e4066
_FCBU-SCHOOL TEXTBOOK COLLECTIONS
_H1
_I0.00
_jSCHOOL TEXTBOOK
_M8
_UAVAILABLE
_WJul 27, 2009
_y4066
_ZSchool Collections
995 _aTEXTBOOKS (SNR)
_D0.00
_e4065
_FCBU-SCHOOL TEXTBOOK COLLECTIONS
_H1
_I0.00
_jSCHOOL TEXTBOOK
_M7
_UAVAILABLE
_WJul 27, 2009
_y4065
_ZSchool Collections
995 _aSPECIAL COLLECTIONS
_D0.00
_e734838
_FCBU-MAIN LIBRARY (Kitwe)
_H1
_I0.00
_jZAM QL 618.5 UTS
_M3
_UAVAILABLE
_WApr 25, 2007
_y52174
_ZZambiana Collection
995 _aMAIN LIBRARY OPEN ACCESS
_D0.00
_e734837
_FCBU-MAIN LIBRARY (Kitwe)
_H1
_I0.00
_jQL 618.5 Uts
_M2
_UAVAILABLE
_WApr 25, 2007
_y52173
_ZMain Library Open Access Collection
995 _aTEXTBOOKS (SNR)
_D0.00
_e4063
_FCBU-SCHOOL TEXTBOOK COLLECTIONS
_H1
_I0.00
_jSCHOOL TEXTBOOK
_M5
_UAVAILABLE
_WJul 27, 2009
_y4063
_ZSchool Collections
999 _c63022
_d63022